00773 2200265 4500001002100000005001500021035002500036007000300061008004100064090001800105245009800123260003400221300003400255020001800289040001700307082001400324084001400338100002400352250002700376650002200403850001200425504002900437990002100466990002000487YOGYA00000000009229320211228094739 a0010-081400000092010ta131207s yoio g 0 0 eng d aDEP 726.1 Ram10aThe Ramayana reliefs of prambanan /cMoertjipto, Bambang Prasetyo, Indro Dewa Kusumo, Darmoyo aYogyakarta :bKanisius,c1991 a93 hlm. :b: ilus. ;c; 13 cm a979-413-720-0 aYOPDYOGbind04223a726.1 a726.1 Ram0 aMoertjiptoepenulis aCetakan pertama : 1991 4aPrambanan (Candi) aYOPDYOG aBibliografi : halaman 89 aCB-D.11/1991-248 a67921-PD/A.2021